01659cam a22003011 45000010005000000030006000050050017000110080041000280100017000690200018000860400022001040500011001260820010001371000030001472450024001772500036002012600031002373000025002685200838002936500036011316500032011676500029011996500026012286510022012546550029012766550027013056550025013326210FISKH20250328115106.0751016s1816 enk 000 1 eng  a 06015462  a9781904831167 aDLCbengcFMdDLC aPR4034 a823.71 aAusten, Jane,d1775-1817.10aEmma /cJane Austen aThis edition published in 2006  aLondon : bPenguin,c1816. a367 pages : c18 cm  aOften considered to be Jane Austen's finest work, Emma is the story of a charmingly self-deluded heroine whose injudicious matchmaking schemes often lead to substantial mortification. Emma, "handsome, clever, and rich, with a comfortable home and happy disposition, seemed to unite some of the best blessings of existence; and had lived nearly twenty-one years in the world with very little to distress or vex her." Her own great fortune has blinded Emma to the true feelings and motivations of others and leads her to some hilarious misjudgments. But it is through her mistakes that Emma finds humility, wisdom, and true love. Told with the shrewd wit and delicate irony which have made Jane Austen a master of the English novel, Emma is a comic masterpiece whose fanciful heroine has gained the affection of generations of readers. 0aFathers and daughtersvFiction. 0aFemale friendshipvFiction. 0aMate selectionvFiction. 0aYoung womenvFiction. 0aEnglandvFiction. 7aHumorous fiction.2gsafd 7aBildungsromans.2gsafd 7aLove stories.2gsafd